Los Medios de expresión de la Arquitectura : (Record no. 7289)

MARC details
000 -LEADER
campo de control de longitud fija 00450nam a2200133Ia 4500
005 - FECHA Y HORA DE LA ÚLTIMA TRANSACCIÓN
campo de control 20260326235438.0
008 - DATOS DE LONGITUD FIJA--INFORMACIÓN GENERAL
campo de control de longitud fija 260326s9999||||xx |||||||||||||| ||und||
100 ## - ENTRADA PRINCIPAL--NOMBRE DE PERSONA
Nombre de persona Hesselgren, Sven
245 #0 - MENCIÓN DEL TÍTULO
Título Los Medios de expresión de la Arquitectura :
Resto del título Un Estudio teórico de la Arquitectura en el que se aplican la psicología experimental y la semántica /
Mención de responsabilidad, etc. Sven Hesselgren
260 ## - PUBLICACIÓN, DISTRIBUCIÓN, ETC.
Nombre del editor, distribuidor, etc. EUDEBA
300 ## - DESCRIPCIÓN FÍSICA
Extensión 383 p.
650 ## - PUNTO DE ACCESO ADICIONAL DE MATERIA--TÉRMINO DE MATERIA
Término de materia o nombre geográfico como elemento de entrada ARQUITECTURA
942 ## - ELEMENTOS DE ENTRADA SECUNDARIOS (KOHA)
Tipo de ítem Koha Libros
Holdings
Estatus retirado Estado de pérdida Estado de daño No para préstamo Colección Biblioteca de origen Biblioteca actual Ubicación en estantería Fecha de adquisición Fuente de adquisición Número de inventario Total de préstamos Signatura topográfica completa Código de barras Visto por última vez Copia número Precio de reemplazo Tipo de ítem Koha
        General Biblioteca Gonzalo Peláez Caldas Biblioteca Gonzalo Peláez Caldas Colección general 27/03/2026 Compra 1054   720 H 465 1054 27/03/2026 1 27/03/2026 Libros